Indianapolis Int'l Airport (IND) Destinations - Statistics

General Stats
  • This quiz has been taken 400 times
    268 since last reset
  • The average score is 41 of 53
Answer Stats
Hint Airlines Answer % Correct
U.S. (Georgia) Delta, Southwest Atlanta
96%
U.S. (Texas) American Dallas (DFW)
96%
U.S. (Massachusetts) American, Delta, Allegiant Boston
95%
U.S. (Texas) Southwest Dallas (Love Field)
95%
U.S. (Colorado) United, Southwest, Frontier Denver
95%
U.S. (Illinois) American, United Chicago (O'Hare)
94%
U.S. (Michigan) Delta Detroit
93%
U.S. (Florida) American, Southwest Miami
93%
U.S. (Texas) American, Southwest, Allegiant Austin
92%
U.S. (Texas) United Houston (Bush)
92%
U.S. (Texas) Southwest Houston (Hobby)
92%
U.S. (Florida) American, Southwest, Spirit, Sun Country, Frontier Orlando
92%
U.S. (Florida) Allegiant Sanford
92%
U.S. (New York) American, Delta New York (JFK)
91%
U.S. (New York) American, Delta New York (LaGuardia)
91%
U.S. (North Carolina) American Charlotte
90%
U.S. (Nevada) Southwest, Spirit, Frontier, Allegiant Las Vegas
90%
U.S. (California) American, Delta Los Angeles
90%
U.S. (Maryland) Southwest Baltimore
89%
U.S. (Louisiana) Allegiant New Orleans
88%
U.S. (Minnesota) Delta, Sun Country Minneapolis
87%
U.S. (California) United San Francisco
87%
U.S. (Florida) Southwest, Spirit Tampa
87%
U.S. (Florida) Allegiant Jacksonville
84%
U.S. (Tennessee) Contour Nashville
84%
U.S. (Arizona) American, Southwest Phoenix
84%
U.S. (Pennsylvania) Contour Pittsburgh
84%
U.S. (Washington) Delta, Alaska Seattle
84%
U.S. (South Carolina) United, Allegiant Charleston
83%
U.S. (Utah) Delta Salt Lake City
83%
Canada (Ontario) Air Canada Express Toronto
83%
U.S. (Wisconsin) Contour Milwaukee
82%
U.S. (New Jersey) United Newark
82%
U.S. (Pennsylvania) American Philadelphia
82%
Mexico (Quintana Roo) American, Southwest, Frontier Cancun
79%
U.S. (Name of City) United Washington (Dulles)
78%
U.S. (Name of City) American Washington (National)
78%
U.S. (Florida) Southwest, Spirit, Allegiant Fort Lauderdale
77%
U.S. (Maine) United Portland
76%
U.S. (Arizona) Allegiant Tucson
71%
U.S. (Florida) Allegiant Key West
70%
U.S. (Florida) United, Southwest, Spirit, Frontier Fort Myers
67%
U.S. (Georgia) Allegiant Savannah
67%
U.S. (South Carolina) Southwest, Allegiant Myrtle Beach
62%
U.S. (Florida) Spirit Pensacola
53%
U.S. (Florida) Allegiant West Palm Beach
51%
U.S. (Florida) Allegiant St. Petersburg
49%
U.S. (Florida) Southwest, Allegiant Sarasota
48%
U.S. (Florida) Southwest Panama City
45%
U.S. (Florida) Allegiant Fort Walton Beach
40%
U.S. (South Carolina) United Hilton Head
36%
U.S. (California) Allegiant Palm Springs
32%
U.S. (Florida) Allegiant Punta Gorda
28%
No matching quizzes found
Score Distribution
Percent of People with Each Score
Percentile by Number Answered
Your Score History
You have not taken this quiz since the last reset